00856cam a22002051 4500001001300000003000400013005001700017008004100034010001700075035001900092040001800111041002000129042001200149050002300161245021600184260015300400300002600553650003800579700003300617he 65000046 DLC20260227111427.0770824s1964 is c f000 0 eng  ahe 65000046  a(OCoLC)3216140 aDLCcTNJdDLC1 aengdandutfreger apremarc00aKJC6750b.A48 196400aEuropean food legislation;bselected chapters of food legislation from Denmark, the Netherlands, Switzerland, Belgium, and Austria.cTranslated from Danish, Dutch, French and German [and edited by D. Ben Yaakov] aJerusalem,bIsrael Program for Scientific Translations; [available from the Office of Technical Services, U.S. Dept. of Commerce, Washington]c1964. a289 p.bport.c22 cm. 0aFood law and legislationzEurope.2 aBen Yaakov, D.,eed. and tr.